000 01057nam a22003257a 4500
003 CHAP
005 20220329134839.0
008 971013s1970 r 00010 d
010 _a26893
011 _a27865
035 _a31966
040 _cCHAP
082 _a541.363028
_bK3
100 0 0 _aKaufman, Larry.
_962816
245 _aComputer calculation of phase diagrams, with special refence to refractory methals
260 _aNew York :
_bWiley,
_c1970
300 _a334 p.
490 _aRefractory matherials
_v; 4
590 _aBATCH-UPD
_b10
_c20130110
_lUCH01
_h1820
590 _aBATCH-UPD
_b10
_c20130410
_lUCH01
_h1154
590 _aBATCH-UPD
_b10
_c20130914
_lUCH01
_h1724
590 _aCONVERSION
_b10
_c20130109
_lUCH01
_h1315
650 1 4 _aLey de las fases y equilibrio.
_966556
650 1 4 _aProcesamiento automático de datos.
_991738
700 0 _aBernstein, Harold.
_911958
830 0 _aRefractory matherials
_v; 4
_995610
901 _aBK
942 _cLIBRO
949 _a541.363028 K3
_bBC
_cLIBRO
_d33724000389102
_eLIBRO
_h37263
_i31966
_si
999 _c26893
_d26893